header

The turning world (Record no. 208730)

MARC details
000 -LEADER
fixed length control field 01597nam a2200361 a 4500
082 04 - DEWEY DECIMAL CLASSIFICATION NUMBER
Classification number 327
245 04 - TITLE STATEMENT
Title The turning world
260 ## - PUBLICATION, DISTRIBUTION, ETC. (IMPRINT)
Place of publication Amsterdam ;
-- Washington, DC :
Name of publisher IOS Press ;
Place of publication Tokyo :
Name of publisher Ohmsha ;
Place of publication Brussels :
Name of publisher International Institute of Administrative Sciences,
Year of publication c2002.
300 ## - PHYSICAL DESCRIPTION
Number of Pages v, 119 p.
490 1# - SERIES STATEMENT
Series statement International Institute of Administrative Sciences monographs,
500 ## - GENERAL NOTE
General note "UNDESA-IIAS joint publication."
650 #0 - SUBJECT ADDED ENTRY--TOPICAL TERM
Topical Term Globalization.
Topical Term Public administration.
700 1# - ADDED ENTRY--PERSONAL NAME
Personal name Bertucci, Guido.
Personal name Duggett, Michael.
856 40 - ELECTRONIC LOCATION AND ACCESS
Uniform Resource Identifier http://site.ebrary.com/lib/rucke/Doc?id=10116461

No items available.

© 2026 Rongo University
Contact us: librarian | system librarian | Rongo university